Sports Quiz

Random Sports or NFL Quiz

NFL Annual Scoring Leaders 1991-2009 Quiz Stats

 Plays Quiz not verified by Sporcle

Score 0/39 Timer 10:00
0 Plays Today
Year Division Player % Correct
2006 AFCLaDanian Tomlinson
81.5%
1998 NFCGary Anderson
72.2%
2005 NFCShaun Alexander
68.5%
2004 AFCAdam Vinatieri
66.7%
1995 NFCEmmitt Smith
64.8%
1995 AFCNorm Johnson
64.8%
1992 NFC*Morten Andersen
58.3%
2003 AFCPriest Holmes
56.5%
2002 AFCPriest Holmes
56.5%
2009 NFCDavid Akers
53.7%
2008 NFCDavid Akers
53.7%
2007 AFCRandy Moss
53.7%
2004 NFCDavid Akers
53.7%
2001 AFCMike Vanderjagt
53.7%
1999 AFCMike Vanderjagt
53.7%
2001 NFCMarshall Faulk
45.4%
2000 NFCMarshall Faulk
45.4%
2007 NFCMason Crosby
41.7%
2008 AFCStephen Gostkowski
38%
2009 AFCNate Kaeding
35.2%
Year Division Player % Correct
2000 AFCMatt Stover
30.6%
1993 NFCJason Hanson
30.6%
2006 NFCRobbie Gould
29.6%
1996 NFCJohn Kasay
28.7%
1994 AFCJohn Carney
28.7%
2005 AFCShayne Graham
27.8%
2003 NFCJeff Wilkins
27.8%
1999 NFCJeff Wilkins
27.8%
2002 NFCJay Feely
18.5%
1991 AFCPete Stoyanovich
12%
1992 AFCPete Stoyanovich
12%
1992 NFC*Chip Lohmiller
11.1%
1991 NFCChip Lohmiller
11.1%
1998 AFCSteve Christie
10.2%
1997 AFCRichie Cunningham
8.3%
1997 NFCMike Hollis
5.6%
1994 NFCFuad Reveiz
4.6%
1993 AFCJeff Jaeger
4.6%
1996 AFCCary Blanchard
1.9%

You're not logged in!

Compare scores with friends on all Sporcle quizzes.
OR
Log In

Show Comments

Extras

Top Quizzes Today


Score Distribution

Your Account Isn't Verified!

In order to create a playlist on Sporcle, you need to verify the email address you used during registration. Go to your Sporcle Settings to finish the process.

Report this User

Report this user for behavior that violates our Community Guidelines.

Details: